000
00202 a2200097 4500
001
57566
090
_c
35300
_d
35300
100
_a
JOHNSON
245
_a
Avionics 1999-2000, Janes
260
_a
UK
_b
Janes Group
_c
1999
942
_a
NUST-CAE
999
_c
292639
_d
292639